[Event "EU-ch blitz"]
[Site "Tallinn"]
[Date "2016.12.17"]
[Round "7"]
[White "Piorun, Kacper"]
[Black "Riazantsev, Alexander"]
[Result "1-0"]
[WhiteElo "2657"]
[BlackElo "2671"]
[PlyCount "68"]
[EventDate "2016.12.17"]
[EventType "swiss (blitz)"]
[EventRounds "26"]
[EventCountry "EST"]
[SourceTitle "CBM 176 Extra"]
[Source "ChessBase"]
[SourceDate "2017.03.02"]
[SourceVersion "1"]
[SourceVersionDate "2017.03.02"]
[SourceQuality "1"]

1. Nf3 d5 2. c4 d4 3. e3 Nc6 4. b4 dxe3 5. fxe3 Nxb4 6. d4 e6 7. Bb2 ({RR} 7. Nc3 Nf6 8. a3 Nc6 9. Bd3 g6 10. O-O Bg7 11. Bb2 O-O 12. Qe2 b6 13. Rad1 Bb7 14. Kh1 Qe7 15. e4 Rad8 16. d5 exd5 17. cxd5 Na5 18. Rfe1 Nb3 19. Bc4 Nc5 20. e5 Nfd7 21. Bc1 h6 {Fressinet,L (2693)-Istratescu,A (2628) Le Port Marly 2012 1-0 (37)}) ({RR} 7. a3 Nc6 8. Bd3 Nf6 9. O-O Be7 10. Bb2 e5 11. Nxe5 Nxe5 12. dxe5 Ng4 13. Qf3 Qxd3 14. Qxf7+ Kd8 15. Nc3 Qxe3+ 16. Kh1 Rf8 17. Rad1+ Bd7 18. Qxe7+ Kxe7 19. Nd5+ Ke8 20. Nxe3 Rxf1+ 21. Nxf1 Nf2+ {Semenenko,D-Drygalov,S (2547) chess.com INT 2024 0-1}) 7... Nf6 8. Nbd2 Be7 $146 ({RR} 8... c5 9. a3 Nc6 10. Bd3 Be7 11. O-O O-O 12. Qe1 Qc7 13. Qh4 h6 14. Rae1 b6 15. Ne4 Nxe4 16. Qxe4 f5 17. Qf4 Qxf4 18. exf4 cxd4 19. Nxd4 Bc5 {0-1 (19) Silva,K (2160)-Harutjunyan,G (2442) Chess.com INT 2021}) ({RR} 8... c5 9. a3 Nc6 10. Bd3 Be7 11. O-O O-O 12. Qe1 Qc7 13. Qh4 h6 14. Rae1 b6 15. Ne4 Nxe4 16. Qxe4 f5 17. Qf4 Qxf4 18. exf4 cxd4 19. Nxd4 Bc5 {0-1 (19) Silva,K (2160)-Harutjunyan,G (2442) Chess.com INT 2021}) 9. a3 Na6 10. Bd3 c5 11. O-O b6 12. Qc2 Bb7 13. Ne5 O-O 14. Ndf3 h6 15. Rae1 Rc8 16. d5 exd5 17. Nh4 b5 18. cxb5 c4 19. Bf5 Nc5 20. Bxc8 Qxc8 21. Nf5 Bd8 22. Bd4 Nce4 23. Bxa7 Ba5 24. Ne7+ Kh7 25. Nxc8 Rxc8 26. Rb1 Kg8 27. Nf3 Ng4 28. Bd4 Ra8 29. h3 Ngf6 30. Bxf6 Nxf6 31. Nd4 Ne4 32. Nc6 Bb6 33. Rfe1 Rxa3 34. Ra1 Rxa1 1-0

[Event "EU-ch blitz"]
[Site "Tallinn"]
[Date "2016.12.17"]
[Round "14"]
[White "Kozul, Zdenko"]
[Black "Halkias, Stelios"]
[Result "1-0"]
[WhiteElo "2613"]
[BlackElo "2585"]
[PlyCount "120"]
[EventDate "2016.12.17"]
[EventType "swiss (blitz)"]
[EventRounds "26"]
[EventCountry "EST"]
[SourceTitle "CBM 176 Extra"]
[Source "ChessBase"]
[SourceDate "2017.03.02"]
[SourceVersion "1"]
[SourceVersionDate "2017.03.02"]
[SourceQuality "1"]

1. Nf3 d5 2. g3 c5 3. Bg2 Nc6 4. O-O e6 5. d3 Bd6 6. c4 Nge7 7. Nc3 O-O 8. Nd2 Bc7 9. cxd5 $146 ({RR} 9. a3 a6 10. b4 cxb4 11. axb4 Nxb4 12. Ba3 Bd6 13. Qb3 Nec6 14. cxd5 Nxd5 15. Nxd5 exd5 16. Qxd5 Bxa3 17. Qxd8 Rxd8 18. Rxa3 Bg4 19. Nf3 Re8 20. Ra4 Bd7 21. Ra2 Be6 22. Rc2 a5 23. Ra1 a4 {Avedisian,A (1866)-Vinella,M (1691) Montevideo 2019 ½-½ (58)}) 9... exd5 10. e4 d4 11. Nd5 Be6 12. Nxc7 Qxc7 13. a3 Rad8 14. Qc2 Qd6 15. Nc4 Bxc4 16. Qxc4 Ne5 17. Qc2 c4 18. dxc4 d3 19. Qc3 N7c6 20. Be3 Nd4 21. Bxd4 Qxd4 22. Qxd4 Rxd4 23. b3 d2 24. Rfd1 Rfd8 25. Kf1 g5 26. Ke2 Nd3 27. Rab1 Nc1+ 28. Kf1 Na2 29. Ra1 Nc3 30. e5 b6 31. Bd5 Nxd5 32. cxd5 R8xd5 33. Ra2 g4 34. Rc2 Kf8 35. Rc4 Rd3 36. Rxg4 Rxb3 37. a4 Rb2 38. Re4 Ke7 39. f4 h5 40. Rc4 Ke6 41. Ke2 a5 42. Rc6+ Kf5 43. Rf6+ Ke4 44. Rxf7 Rd3 45. Kf2 Rf3+ 46. Kg2 Re3 47. Rd7 Re2+ 48. Kh3 Kf5 49. Rd6 b5 50. axb5 a4 51. Rd3 Ke4 52. Ra3 Re1 53. Rxa4+ Ke3 54. Raa1 Rxd1 55. Rxd1 Rxb5 56. Kh4 Rb8 57. e6 Rb5 58. e7 Rb8 59. f5 Ke4 60. f6 Kd5 1-0

[Event "London Classic Super rapid 8th"]
[Site "London"]
[Date "2016.12.18"]
[Round "9"]
[White "Moussard, Jules"]
[Black "Lenderman, Aleksandr"]
[Result "1-0"]
[WhiteElo "2571"]
[BlackElo "2581"]
[PlyCount "67"]
[EventDate "2016.12.17"]
[EventType "swiss (rapid)"]
[EventRounds "10"]
[EventCountry "ENG"]
[SourceTitle "CBM 176 Extra"]
[Source "ChessBase"]
[SourceDate "2017.03.02"]
[SourceVersion "1"]
[SourceVersionDate "2017.03.02"]
[SourceQuality "1"]

1. Nf3 d5 2. g3 Nd7 3. Bg2 e5 4. O-O Ngf6 5. c4 e4 ({RR} 5... c6 6. cxd5 cxd5 7. d4 e4 8. Ne5 Bd6 9. Bf4 Qe7 10. Nc3 O-O 11. Nxd7 Bxd7 12. Bg5 Bc6 13. Qb3 Rad8 14. e3 Bb8 15. f3 exf3 16. Rxf3 h6 17. Bxf6 gxf6 18. Re1 Rd6 19. Rf5 Rfd8 20. Nxd5 {Zeltsan,J (2439)-Rosenthal,M New York USA 2024 1-0}) 6. Ne1 dxc4 7. Qa4 c6 $146 ({RR} 7... Qe7 8. Qxc4 Nb6 9. Qc2 Nbd5 10. Nc3 Nxc3 11. dxc3 h6 12. Qb3 g6 13. Be3 Bg7 14. Nc2 O-O 15. Rad1 b6 16. Bd4 Bb7 17. Ne3 c5 18. Bxf6 Bxf6 19. Qa4 Rfc8 20. Nd5 Bxd5 21. Rxd5 Rd8 22. Qxe4 {Petrosian,T (2606)-Fedoseev,V (2724) Chess.com INT 2018 0-1 (39)}) ({RR} 7... Bd6 8. Qxc4 Qe7 9. Qc2 O-O 10. Nc3 Re8 11. d3 exd3 12. Nxd3 c6 13. Bf4 Bxf4 14. Nxf4 Ne5 15. Rad1 Be6 16. Nxe6 Qxe6 17. b3 Rad8 18. Na4 h5 19. Nc5 Qe7 20. b4 h4 21. a3 hxg3 22. hxg3 {Novik,M (2475)-Gavrilov,A (2493) Jyvaskyla 2010 ½-½ (70)}) 8. Qxc4 Nc5 9. b4 Be6 10. Qc2 Ncd7 11. Nc3 Bxb4 12. Nxe4 Nxe4 13. Bxe4 Bd6 14. d4 Nf6 15. Bg2 O-O 16. e4 Bc7 17. Bb2 Bb6 18. Rd1 Bxa2 19. d5 cxd5 20. Bxf6 Qxf6 21. Qxa2 dxe4 22. Bxe4 Qe7 23. Qb1 g6 24. Nf3 Rad8 25. Bd5 Rd7 26. Rd2 Rfd8 27. Qb3 Qf6 28. Rfd1 g5 29. Qc4 h5 30. h4 g4 31. Ng5 Kg7 32. Qe4 Qg6 33. Qxg6+ Kxg6 34. Be4+ 1-0

[Event "Wch Rapid"]
[Site "Doha"]
[Date "2016.12.26"]
[Round "2"]
[White "Pantsulaia, Levan"]
[Black "Carlsen, Magnus"]
[Result "1-0"]
[WhiteElo "2607"]
[BlackElo "2840"]
[PlyCount "91"]
[EventDate "2016.12.26"]
[EventType "swiss (rapid)"]
[EventRounds "15"]
[EventCountry "QAT"]
[SourceTitle "CBM 176"]
[Source "ChessBase"]
[SourceDate "2017.01.17"]
[SourceVersion "1"]
[SourceVersionDate "2017.01.17"]
[SourceQuality "1"]

1. Nf3 d5 2. g3 g6 3. c4 dxc4 4. Na3 Bg7 5. Nxc4 Nc6 6. d3 e5 7. Bd2 Nge7 8. Bg2 O-O 9. O-O a5 ({RR} 9... Nd5 10. Rc1 h6 11. a3 Be6 12. b4 a6 13. e4 Nb6 14. Na5 Qxd3 15. Nxb7 Bc4 16. Re1 Qxa3 17. Na5 Nxa5 18. bxa5 Bb3 19. Re3 Bxd1 20. Rxa3 Bxf3 21. Bxf3 Nc8 22. Rxc7 Nd6 23. Be2 Nxe4 24. Be3 {Carlsen,M (2853)-Nakamura,H (2787) Chess.com INT 2016 1-0 (61)}) 10. b3 ({RR} 10. Rc1 f6 11. a3 Be6 12. b4 axb4 13. axb4 Nd5 14. b5 Nd4 15. Nxd4 exd4 16. e4 dxe3 17. fxe3 Qd7 18. Qb3 Nb6 19. Rfd1 Rad8 20. Be1 Bh6 21. Bf2 Bd5 22. Nxb6 cxb6 23. Bxd5+ Qxd5 24. Qxd5+ Rxd5 {Pantsulaia,L (2597)-Meskovs,N (2557) Chess.com INT 2019 1-0 (60)}) 10... Be6 11. Rc1 Qd7 ({RR} 11... h6 12. Bc3 f6 13. e4 Qd7 14. d4 exd4 15. Nxd4 Nxd4 16. Qxd4 Qxd4 17. Bxd4 Rfd8 18. Bc3 a4 19. Na5 axb3 20. axb3 b6 21. e5 Nd5 22. Nc6 Nxc3 23. Rxc3 Re8 24. Ne7+ Kf7 25. Rxc7 Ra3 26. Nf5+ {Praggnanandhaa,R (2743)-Anuj,S (2396) chess.com INT 2024 1-0}) 12. Ng5 $146 ({RR} 12. Bc3 f6 13. Qc2 Rfd8 14. Rfd1 Nf5 15. e3 Qf7 16. Ba1 g5 17. Qb1 h6 18. d4 exd4 19. Nxd4 Nfxd4 20. exd4 f5 21. d5 Bxd5 22. Rxd5 Rxd5 23. Bxd5 Qxd5 24. Bxg7 Kxg7 25. Ne3 Qf3 26. Nxf5+ Kf6 {Teclaf,P (2502)-Sargsyan,S (2618) Tornelo INT 2021 ½-½ (70)}) ({RR} 12. Bc3 f6 13. Qc2 Rfd8 14. Rfd1 Nf5 15. e3 Qf7 16. Ba1 g5 17. Qb1 h6 18. d4 exd4 19. Nxd4 Nfxd4 20. exd4 f5 21. d5 Bxd5 22. Rxd5 Rxd5 23. Bxd5 Qxd5 24. Bxg7 Kxg7 25. Ne3 Qf3 26. Nxf5+ Kf6 {Teclaf,P (2502)-Sargsyan,S (2618) Tornelo INT 2021 ½-½ (70)}) 12... Bd5 13. Ne4 f5 14. Nc5 Qc8 15. e4 Bxc4 16. dxc4 b6 17. Nd3 Qd7 18. Bc3 Rad8 19. Nb2 Qe6 20. Qe2 f4 21. Rfd1 Qf7 22. Bh3 f3 23. Qe1 Nb4 24. Bxb4 axb4 25. c5 Bh6 26. cxb6 cxb6 27. Rc7 Qf6 28. Qxb4 Rxd1+ 29. Nxd1 Rd8 30. Rd7 Nc6 31. Qc4+ Kh8 32. Rxd8+ Nxd8 33. Nc3 Nc6 34. Nd5 Qd6 35. Bg4 Nd4 36. Qc8+ Bf8 37. h4 h5 38. Bd7 Kg7 39. Kh2 Kh7 40. Qe8 Kg7 41. b4 b5 42. Bxb5 Nc2 43. a3 Kh6 44. Qf7 Nd4 45. Nf6 Bg7 46. Qxg7+ 1-0

[Event "Wch Rapid"]
[Site "Doha"]
[Date "2016.12.27"]
[Round "9"]
[White "Tomashevsky, Evgeny"]
[Black "Henriquez Villagra, Cristobal"]
[Result "1-0"]
[WhiteElo "2716"]
[BlackElo "2517"]
[PlyCount "89"]
[EventDate "2016.12.26"]
[EventType "swiss (rapid)"]
[EventRounds "15"]
[EventCountry "QAT"]
[SourceTitle "CBM 176"]
[Source "ChessBase"]
[SourceDate "2017.01.17"]
[SourceVersion "1"]
[SourceVersionDate "2017.01.17"]
[SourceQuality "1"]

1. Nf3 d5 2. g3 g6 3. c4 d4 4. b4 Bg7 5. Bg2 e5 6. d3 Ne7 7. Nbd2 O-O 8. O-O a5 9. b5 c5 10. bxc6 Nexc6 11. h4 ({RR} 11. Ne4 f5 12. Nc5 Na6 13. Nxa6 Rxa6 14. Nd2 Qe7 15. Rb1 Nb4 16. Ba3 Re8 17. Nb3 b6 18. Qd2 Bf8 19. Rfc1 Be6 20. e3 dxe3 21. Qxe3 Qc7 22. Bb2 Bg7 23. a3 Nc6 24. Re1 Bf7 25. Rbc1 a4 {Afanasiev,N (2541)-Gleizerov,E (2378) Yekaterinburg RUS 2024 1-0 (55)}) ({RR} 11. Rb1 Na6 12. Qb3 Ncb4 13. Re1 Nc5 14. Qa3 Bf5 15. Nb3 Ncxd3 16. exd3 Nxd3 17. Bg5 f6 18. Bd2 Rf7 19. Bxa5 Qc8 20. Nfxd4 Bf8 21. c5 exd4 22. Bd5 Nxe1 23. Rxe1 b6 24. Nxd4 bxa5 25. Nxf5 gxf5 {Chernyak,V (2251)-Henriquez Villagra,C (2532) Barcelona 2017 0-1 (45)}) 11... Na6 12. Rb1 Qc7 $146 ({RR} 12... h6 13. Nh2 Kh7 14. h5 gxh5 15. Ndf3 f5 16. Kh1 Qe7 17. e3 dxe3 18. Bxe3 f4 19. gxf4 exf4 20. Bb6 Bf5 21. Rb5 h4 22. Re1 Qf6 23. Rxf5 Qxf5 24. Nxh4 Qf6 25. Be4+ Kg8 26. Bd5+ Kh7 27. Be4+ {Kasimdzhanov,R (2700)-Giri,A (2752) Rosmalen 2014 ½-½}) 13. h5 Nc5 14. hxg6 hxg6 15. Nb3 Ne6 16. Ng5 Nxg5 17. Bxg5 Nd8 18. Bxd8 Rxd8 19. Nd2 Rb8 20. Qb3 Bg4 21. Bf3 Bh6 22. Ne4 Bxf3 23. exf3 b6 24. Nf6+ Kg7 25. Ng4 Bd2 26. Qb5 Re8 27. Rb2 Bc3 28. Re2 f6 29. Rb1 Qc8 30. Kg2 Qf5 31. Qc6 Rec8 32. Qd6 Rb7 33. Rxb6 Rf7 34. Re4 Rh8 35. Rb8 Bb4 36. Qb6 Bf8 37. Rb7 Be7 38. Rb8 Bf8 39. Rb7 Be7 40. Qa7 Qh5 41. Nh6 Rxh6 42. Rh4 Qg5 43. Rxe7 Rxh4 44. Rxf7+ Kg8 45. Qe7 1-0

[Event "Wch Rapid"]
[Site "Doha"]
[Date "2016.12.28"]
[Round "12"]
[White "Amin, Bassem"]
[Black "Tari, Aryan"]
[Result "1-0"]
[WhiteElo "2662"]
[BlackElo "2584"]
[PlyCount "69"]
[EventDate "2016.12.26"]
[EventType "swiss (rapid)"]
[EventRounds "15"]
[EventCountry "QAT"]
[SourceTitle "CBM 176"]
[Source "ChessBase"]
[SourceDate "2017.01.17"]
[SourceVersion "1"]
[SourceVersionDate "2017.01.17"]
[SourceQuality "1"]

1. Nf3 Nf6 2. g3 g6 3. Bg2 Bg7 4. O-O O-O 5. d3 d5 6. Nbd2 c5 7. e4 Nc6 8. Re1 e5 9. a3 Re8 10. c3 ({RR} 10. exd5 Nxd5 11. Ne4 b6 12. Rb1 h6 13. c4 Nc7 14. b4 Ne6 15. b5 Ne7 16. Bb2 f6 17. a4 Bb7 18. a5 Rc8 19. Ra1 Rc7 20. Qc2 Rd7 21. axb6 axb6 22. Ra7 Qb8 23. Rxb7 Rxb7 24. Nxf6+ Bxf6 {Chigaev,M (2647)-Sankalp,G (2532) chess.com INT 2024 0-1 (68)}) 10... h6 11. b4 c4 $146 ({RR} 11... d4 12. cxd4 cxd4 13. Nb3 Bf8 14. Bd2 a6 15. Rf1 Na7 16. Ne1 Nb5 17. f4 exf4 18. gxf4 Ng4 19. h3 Ne3 20. Bxe3 dxe3 21. Qe2 Bg7 22. Nc2 Bxa1 23. Rxa1 Qc7 24. Nxe3 Qxf4 25. Nd5 Qg5 26. Qb2 {Weber,S (2123)-Kopylov,M (2428) Kiel 2017 0-1 (48)}) 12. exd5 Nxd5 13. Bb2 cxd3 14. b5 Na5 15. c4 Nb6 16. Nxe5 Be6 17. c5 Nd7 18. c6 Nxe5 19. Bxe5 bxc6 20. bxc6 Bxe5 21. Rxe5 Rb8 22. Rc1 Qc7 23. Rcc5 Bf5 24. Rxe8+ Rxe8 25. g4 Bc8 26. Ne4 Re5 27. Nf6+ Kf8 28. Nd5 Qd8 29. Qxd3 Re1+ 30. Bf1 Qg5 31. Qd4 Re5 32. Nf6 Rxc5 33. Nh7+ Ke7 34. Nxg5 Rxg5 35. Qxa7+ 1-0

[Event "Wch Rapid"]
[Site "Doha"]
[Date "2016.12.28"]
[Round "12"]
[White "Vachier Lagrave, Maxime"]
[Black "Dreev, Alexey"]
[Result "1-0"]
[WhiteElo "2804"]
[BlackElo "2652"]
[PlyCount "89"]
[EventDate "2016.12.26"]
[EventType "swiss (rapid)"]
[EventRounds "15"]
[EventCountry "QAT"]
[SourceTitle "CBM 176"]
[Source "ChessBase"]
[SourceDate "2017.01.17"]
[SourceVersion "1"]
[SourceVersionDate "2017.01.17"]
[SourceQuality "1"]

1. Nf3 {Roiz,Michael} d5 2. g3 c6 3. Bg2 Bg4 4. O-O e6 5. h3 Bh5 6. d4 Nf6 ({RR} 6... Nd7 7. c4 Be7 ({RR} 7... Ngf6 8. cxd5 exd5 ({RR} 8... cxd5 9. Nc3 Bd6 10. Qb3 Qb6 11. Qxb6 Nxb6 12. Nb5 Bb8 13. g4 Bg6) 9. Nh4 Ne4 ({RR} 9... Be7) 10. Nc3 Nd6 11. Bf4) ({RR} 7... dxc4 8. Qc2 ({RR} 8. Nbd2) 8... Nb6 9. Nbd2 Bg6 10. Qc3 Nf6 11. Ne5 Nfd5 12. Qf3 Qf6 13. Ndxc4 Qxf3 14. Bxf3 Nxc4 15. Nxc4) 8. cxd5 exd5 9. Nc3 Ngf6 ({RR} 9... Bxf3 10. Bxf3 Ngf6) 10. Nh4 ({RR} 10. Ne5 Nxe5 ({RR} 10... Bg6 11. f4 Be4 12. Nxe4 Nxe4 13. Bxe4 dxe4 14. Qb3) 11. dxe5 Nd7 12. f4 f5 13. Be3 Bc5) 10... O-O 11. f4 ({RR} 11. g4 Bg6 12. Nxg6 hxg6 13. f3 c5 14. e3) 11... Ne4 ({RR} 11... Ne8 12. Nf5 Bb4 13. g4 Bg6) 12. Nf5 ({RR} 12. Bxe4 dxe4 ({RR} 12... Bxh4 13. Bb1 Bxg3 14. Qd3) 13. Nf5 Bb4 14. Ne3 Bxc3 15. bxc3 f5 16. c4) 12... Nxc3 13. bxc3 f6 14. Qb3 Nb6 15. e4 Re8 ({RR} 15... Be2 16. Re1 Bc4 17. Qb1 Re8 18. Ne3) 16. g4 Bf7 17. Nxe7+ ({RR} 17. e5 Bf8 18. Ne3 c5 19. a4) 17... Qxe7 18. e5 Nc4 ({RR} 18... fxe5 19. fxe5 ({RR} 19. dxe5 d4 20. Qb4 Qxb4 21. cxb4 Rad8) 19... Nc4 20. a4 Bg6 21. Ra2 Rf8 22. Raf2 Rxf2 23. Rxf2 Rf8) 19. Qc2 ({RR} 19. exf6 Qxf6 ({RR} 19... gxf6 20. f5) 20. Qxb7 Rab8 21. Qxa7 Ra8 22. Qd7 Re7 23. g5 Rxd7 24. gxf6 gxf6) 19... fxe5 20. dxe5 Rad8 21. Qf2 {Vachier Lagrave,M (2785)-Gunina,V (2496) Caleta 2016 CBM 171 [Roiz,Michael] 1-0 (34)}) 7. c4 Be7 ({RR} 7... Nbd7 8. cxd5 exd5 9. Qb3 Qb6 10. Qe3+ Be7 11. Nh4 Bg6 12. Nc3 Kf8 13. Nxg6+ hxg6 14. Qd3 Re8 15. Rb1 Kg8 16. b4 a6 17. Re1 Nf8 18. e4 dxe4 19. Nxe4 Nxe4 20. Rxe4 Qd8 21. Qe2 Rh5 22. Bf3 {Vachier Lagrave,M (2758)-Kramnik,V (2777) Berlin 2015 ½-½ (63)}) ({RR} 7... Nbd7 8. cxd5 exd5 9. Ne5 Ne4 10. Bxe4 dxe4 11. Nc3 Nxe5 12. dxe5 Qxd1 13. Rxd1 Be7 14. Be3 b6 15. Rd4 f5 16. exf6 Bxf6 17. Rxe4+ Kf7 18. Rf4 Bg6 19. Bd4 Rhd8 20. Rd1 c5 21. Bxf6 Rxd1+ 22. Nxd1 {Samadov,R (2501)-Dai,C (2527) chess.com INT 2025 1-0 (34)}) 8. cxd5 Bxf3 $146 ({RR} 8... exd5 9. Ne5 Nfd7 10. f4 Nxe5 11. dxe5 f6 12. exf6 Bxf6 13. g4 Bf7 14. e4 dxe4 15. Qxd8+ Bxd8 16. Nc3 Bb6+ 17. Kh2 e3 18. Bxe3 Bxe3 19. Rae1 O-O 20. Rxe3 Na6 21. Re7 Rab8 22. Rd1 Rfe8 23. Rxe8+ {Sanal,V (2590)-Kobalia,M (2577) chess.com INT 2023 1-0 (50)}) ({RR} 8... exd5 9. Nc3 O-O 10. Ne5 Nfd7 11. g4 Nxe5 12. dxe5 Bg6 13. f4 f5 14. exf6 Bxf6 15. e4 Qb6+ 16. Kh1 Bxc3 17. f5 Bf7 18. bxc3 dxe4 19. f6 Bc4 20. fxg7 Rxf1+ 21. Bxf1 Bxf1 22. Qxf1 Nd7 23. Bh6 {Svane,R (2613)-Zhigalko,S (2572) Chess.com INT 2020 1-0 (38)}) 9. Bxf3 cxd5 10. Qb3 Nc6 11. e3 O-O 12. Bd2 Qd7 13. Rc1 Rfc8 14. Bg2 Rc7 15. Na3 a6 16. Rc2 Rac8 17. Rac1 Ne8 18. Be1 g6 19. Nb1 Nd6 20. a3 Nc4 21. Qa2 Bg5 22. Rc3 Nd6 23. h4 Bh6 24. Rd1 Nb5 25. Rcd3 Bf8 26. Nd2 Ne7 27. e4 Rc1 28. Qb3 Bh6 29. exd5 exd5 30. Nf3 Qe6 31. Rxc1 Rxc1 32. Rd1 Qe2 33. Rxc1 Bxc1 34. Bb4 Nc6 35. Bc5 Qc4 36. Qxc4 dxc4 37. d5 Nb8 38. a4 Nd7 39. Bb4 Nc7 40. Nd2 Bxd2 41. Bxd2 Ne8 42. Bb4 b5 43. a5 Kg7 44. d6 Kf6 45. Bh3 1-0

[Event "Wch Rapid"]
[Site "Doha"]
[Date "2016.12.28"]
[Round "13"]
[White "Adly, Ahmed"]
[Black "Henriquez Villagra, Cristobal"]
[Result "1-0"]
[WhiteElo "2599"]
[BlackElo "2517"]
[PlyCount "113"]
[EventDate "2016.12.26"]
[EventType "swiss (rapid)"]
[EventRounds "15"]
[EventCountry "QAT"]
[SourceTitle "CBM 176"]
[Source "ChessBase"]
[SourceDate "2017.01.17"]
[SourceVersion "1"]
[SourceVersionDate "2017.01.17"]
[SourceQuality "1"]

1. Nf3 d5 2. g3 g6 3. Bg2 Bg7 4. c4 d4 5. O-O e5 6. d3 Ne7 7. e3 O-O 8. exd4 exd4 9. b4 a5 10. b5 c5 ({RR} 10... Re8 11. Ba3 Nd7 12. Nbd2 Rb8 13. Re1 Nf5 14. Nb3 a4 15. Rxe8+ Qxe8 16. Nbd2 b6 17. Qxa4 Bb7 18. Qc2 Ra8 19. Bb4 Bf8 20. Bxf8 Qxf8 21. a4 Qb4 22. Bh3 Qc3 23. Rc1 Qxc2 24. Rxc2 Nc5 25. Bxf5 {Kozul,Z (2613)-Svane,R (2555) Doha 2016 0-1 (78)}) ({RR} 10... c6 11. a4 Re8 12. Nbd2 b6 13. Nb3 Ra7 14. Re1 c5 15. Nbd2 Bf5 16. Ne4 Nc8 17. Bg5 f6 18. Nxf6+ Bxf6 19. Rxe8+ Qxe8 20. Bxf6 Rf7 21. Bh4 Nd7 22. Ng5 Rg7 23. g4 h6 24. Bd5+ Kh8 25. Nf7+ {Haack,K (2321)-Player,E (2170) chess.com INT 2024 1-0 (32)}) 11. bxc6 $146 ({RR} 11. Ng5 Ra7 12. Bf4 Nd7 13. b6 Qxb6 14. Na3 Ne5 15. Re1 N7c6 16. Nb5 Ra6 17. Ne4 Bf5 18. Rb1 Bxe4 19. Bxe4 Qd8 20. Bxc6 bxc6 21. Bxe5 cxb5 22. Rxb5 Rc6 23. Bf4 Re8 24. Rxe8+ Qxe8 25. Qf3 Bf8 {Lewis,A (2298)-Wager,J (2045) Hull 2018 ½-½ (59)}) ({RR} 11. Re1 Ra7 12. Bf4 Ra8 13. Nbd2 f6 14. Nb3 g5 15. Bxb8 Rxb8 16. Nxc5 b6 17. Ne6 Bxe6 18. Rxe6 Ng6 19. Qe2 Ne5 20. Rc1 Qd7 21. Nxe5 fxe5 22. Bd5 Kh8 23. Qh5 h6 24. Qg6 Qf7 25. Qxf7 Rxf7 {Nalbandian,T (2458)-Kolakovic,K (2017) Dortmund 2017 1-0}) 11... Nexc6 12. Re1 Na6 13. Bg5 f6 14. Bf4 Nc5 15. Na3 g5 16. Bc1 Bf5 17. Bf1 Nb4 18. Nb5 Nbxd3 19. Ba3 Nxe1 20. Bxc5 Nc2 21. Rc1 d3 22. Nd6 Qc7 23. Nxf5 Qxc5 24. Bxd3 Nb4 25. Bb1 Rad8 26. N3d4 Rf7 27. Qg4 h5 28. Qe4 Qe5 29. Qxe5 fxe5 30. Ne6 Rd2 31. Nexg7 Rfd7 32. Re1 Rxg7 33. Nxg7 Kxg7 34. Rxe5 Rd1+ 35. Kg2 Rxb1 36. Rxg5+ Kh6 37. Rxa5 Rb2 38. g4 hxg4 39. Kg3 Nd3 40. Kxg4 Rxf2 41. Rb5 Rf7 42. Rh5+ Kg6 43. Rg5+ Kh6 44. Rh5+ Kg6 45. Rg5+ Kf6 46. Rf5+ Ke6 47. Rxf7 Kxf7 48. Kf5 Nb2 49. Ke5 Nxc4+ 50. Kd5 Nb6+ 51. Kc5 Nc8 52. a4 Ke6 53. h4 Kf5 54. a5 Kg4 55. Kb5 Kxh4 56. a6 bxa6+ 57. Kxa6 1-0

[Event "Wch Rapid"]
[Site "Doha"]
[Date "2016.12.28"]
[Round "14"]
[White "Amin, Bassem"]
[Black "Flores, Diego"]
[Result "1-0"]
[WhiteElo "2662"]
[BlackElo "2579"]
[PlyCount "75"]
[EventDate "2016.12.26"]
[EventType "swiss (rapid)"]
[EventRounds "15"]
[EventCountry "QAT"]
[SourceTitle "CBM 176"]
[Source "ChessBase"]
[SourceDate "2017.01.17"]
[SourceVersion "1"]
[SourceVersionDate "2017.01.17"]
[SourceQuality "1"]

1. e4 c5 2. Nf3 e6 3. d3 Nc6 4. g3 d5 5. Nbd2 Nf6 6. Bg2 g6 7. O-O Bg7 8. Re1 O-O 9. c3 b6 10. e5 Nd7 11. d4 a5 12. Nf1 Ba6 13. Bg5 ({RR} 13. Ne3 cxd4 14. cxd4 Nb4 15. Ng4 Nd3 16. Bg5 Qe8 17. Re2 f5 18. exf6 Nxf6 19. Nxf6+ Bxf6 20. Bxf6 Rxf6 21. Rd2 Nb4 22. a3 Nc6 23. Rc1 a4 24. Rdc2 Bc4 25. Qe1 Na5 26. Ne5 Nb3 27. Rd1 Rc8 {Jimenez Fernandez,R (2167)-Gutierrez Olivares,D (2354) chess.com INT 2025 0-1 (33)}) 13... Qc7 14. Qd2 Rac8 $146 ({RR} 14... Rfc8 15. Rac1 b5 16. h4 b4 17. N1h2 bxc3 18. bxc3 h5 19. g4 Rab8 20. gxh5 gxh5 21. Kh1 Nf8 22. Bf6 Ng6 23. Qg5 Bxf6 24. exf6 Qf4 25. Qxh5 Qxf6 26. Ng4 Qg7 27. Qg5 Kf8 28. Nf6 Rb7 29. Nh5 {Amin,B (2680)-Duda,J (2760) Warsaw 2021 ½-½ (76)}) ({RR} 14... Rfc8 15. Rac1 Qb7 16. h4 cxd4 17. cxd4 Nb4 18. a3 Rxc1 19. Rxc1 Nc6 20. h5 Rc8 21. Bh6 Bh8 22. hxg6 hxg6 23. Qf4 Ne7 24. Rxc8+ Qxc8 25. g4 Nc6 26. Ng5 Nd8 27. Ne3 Qc1+ 28. Kh2 Qxb2 29. Bxd5 {Colin,V (2372)-Barseghyan,H (2463) Europe Echecs INT 2020 ½-½ (39)}) 15. Rac1 a4 16. h4 Na5 17. Qf4 Nc4 18. Rc2 a3 19. bxa3 Nxa3 20. Rb2 Nb5 21. Rb3 cxd4 22. cxd4 Nc3 23. Qe3 Ne4 24. N1d2 Nxd2 25. Qxd2 Qc2 26. Qe3 Bc4 27. Rc3 Qxa2 28. h5 b5 29. Ra3 Qb2 30. Ra7 Nb8 31. Bf6 Qc2 32. Nh4 Nc6 33. Bxg7 Kxg7 34. Qg5 Kg8 35. h6 f6 36. Rg7+ Kh8 37. exf6 Nd8 38. Be4 1-0

[Event "Wch Rapid"]
[Site "Doha"]
[Date "2016.12.28"]
[Round "14"]
[White "Anton Guijarro, David"]
[Black "Tomashevsky, Evgeny"]
[Result "1-0"]
[WhiteElo "2650"]
[BlackElo "2716"]
[PlyCount "109"]
[EventDate "2016.12.26"]
[EventType "swiss (rapid)"]
[EventRounds "15"]
[EventCountry "QAT"]
[SourceTitle "CBM 176"]
[Source "ChessBase"]
[SourceDate "2017.01.17"]
[SourceVersion "1"]
[SourceVersionDate "2017.01.17"]
[SourceQuality "1"]

1. Nf3 Nf6 2. b3 d5 3. Bb2 Bg4 4. e3 e6 5. d3 ({RR} 5. d4 Nbd7 6. Be2 Bd6 7. Nbd2 O-O 8. O-O c6 9. Ne5 Bf5 10. Ndf3 Ne4 11. Nxd7 Qxd7 12. Ne5 Qc7 13. f3 Nf6 14. Bd3 a5 15. Qe2 Bxd3 16. Qxd3 a4 17. c4 Rfd8 18. f4 Ne4 19. Rfc1 Qe7 {Ayushh,R (1953)-Le Tuan Minh (2564) chess.com INT 2024 0-1 (45)}) 5... Bb4+ ({RR} 5... a5 6. a3 Nbd7 7. Nbd2 Bd6 8. h3 Bxf3 9. Nxf3 O-O 10. Be2 c6 11. O-O Qe7 12. c4 Rfd8 13. Qc2 Nf8 14. e4 dxe4 15. dxe4 e5 16. c5 Bxc5 17. Nxe5 Bd4 18. Bxd4 Rxd4 19. Nf3 Rxe4 20. Bd3 {Topalov,V (2793)-Aronian,L (2813) Stavanger 2013 0-1 (33)}) ({RR} 5... c5 6. Nbd2 Nc6 7. h3 Bd6 8. Be2 Bxf3 9. Nxf3 O-O 10. O-O Qe7 11. a3 Rfe8 12. c4 Rad8 13. Qc2 h6 14. Rfe1 a6 15. Bf1 e5 16. cxd5 Nxd5 17. Nd2 Nf6 18. Rac1 Qc7 19. g3 Bf8 20. Red1 {Anton Guijarro,D (2679)-Sevian,S (2660) Chess.com INT 2021 1-0 (39)}) 6. Nbd2 c5 $146 ({RR} 6... Nbd7 7. Be2 b5 8. O-O Bd6 9. e4 e5 10. d4 dxe4 11. Nxe5 Bf5 12. Nc6 Qc8 13. Bxb5 O-O 14. Nc4 Re8 15. Nxd6 cxd6 16. Ba3 a6 17. Ba4 Nb6 18. d5 Nfxd5 19. c4 Nxa4 20. Qxd5 Bd7 21. Nb4 {Chugunov,V (1981)-Akimov,G (2072) Uljanovsk 2008 1-0 (43)}) ({RR} 6... Nbd7 7. Be2 Qe7 8. h3 Bxf3 9. Bxf3 Bd6 10. c4 c6 11. Qc2 O-O 12. O-O e5 13. Rfd1 Rfe8 14. a3 a5 15. e4 d4 16. Nf1 Nf8 17. Ng3 g6 18. Bc1 Ne6 19. Ne2 h5 20. h4 Kg7 21. Ra2 {Abramovic,D (2151)-Kraljevic,I (2059) Cetinje 2007 1-0}) 7. Be2 Nc6 8. O-O O-O 9. a3 Ba5 10. c4 Qe7 11. cxd5 exd5 12. Rc1 Bb6 13. h3 Bh5 14. Nh4 Bxe2 15. Qxe2 Qe6 16. Rfe1 Rfe8 17. Nhf3 Rad8 18. Qd1 Nd7 19. Qc2 Qg6 20. e4 d4 21. Nc4 Bc7 22. b4 cxb4 23. axb4 Nxb4 24. Qb3 a5 25. Bxd4 Nf8 26. Rcd1 Ne6 27. Be3 b5 28. Nce5 Qf6 29. d4 Bxe5 30. Nxe5 Nc5 31. Qb1 Na4 32. Rc1 Rc8 33. Bd2 Qd6 34. Nf3 Nb6 35. e5 Qe7 36. Ng5 g6 37. Ne4 N6d5 38. Nd6 Rxc1 39. Rxc1 Rb8 40. Rc5 Qe6 41. Qa1 Nd3 42. Rxb5 Rxb5 43. Nxb5 Qf5 44. Qf1 N5b4 45. Nd6 Qe6 46. Bxb4 Nxb4 47. Qb5 Qd5 48. Qe8+ Kg7 49. Qe7 Qe6 50. Ne8+ Kg8 51. Nf6+ Kg7 52. Qc5 Qa2 53. Nd7 Kh6 54. h4 Qb1+ 55. Kh2 1-0